Les Villes Traversées par le Canal du Midi - Statistiques

Statistiques générales
  • Ce quiz a été pris 20 fois
  • Le résultat moyen est 9 sur 65
Statistiques - réponses
Villes % Correct
Toulouse
95%
Béziers
85%
Carcassonne
80%
Castelnaudary
55%
Agde
50%
Marseillan
35%
Vias
20%
Capestang
15%
Castanet-Tolosan
15%
Cers
15%
Portiragnes
15%
Ramonville-Saint-Agne
15%
Villeneuve-lès-Béziers
15%
Auzeville-Tolosane
10%
Avignonet-Lauragais
10%
Ayguesvives
10%
Bram
10%
Colombiers
10%
Deyme
10%
Donneville
10%
Gardouch
10%
Labastide-d'Anjou
10%
Lasbordes
10%
Marseillette
10%
Mas-Saintes-Puelles
10%
Montesquieu-Lauragais
10%
Montferrand
10%
Montgiscard
10%
Montréal
10%
Nissan-lez-Enserune
10%
Olonzac
10%
Ouveillan
10%
Pechabou
10%
Pexiora
10%
Pezens
10%
Poilhes
10%
Pompertuzat
10%
Quarante
10%
Renneville
10%
Saint-Nazaire-d'Aude
10%
Trèbes
10%
Vieillevigne
10%
Villemoustaussou
10%
Villepinte
10%
Alzonne
5%
Argeliers
5%
Argens-Minervois
5%
Azille
5%
Blomac
5%
Caux-et-Sauzens
5%
Cruzy
5%
Ginestas
5%
Homps
5%
La Redorte
5%
Mirepeisset
5%
Paraza
5%
Puichéric
5%
Roubia
5%
Sainte-Eulalie
5%
Saint-Martin-Lalande
5%
Sallèles-d'Aude
5%
Ventenac-en-Minervois
5%
Villalier
5%
Villedubert
5%
Villesèquelande
5%
Aucun quiz correspondant
Distribution des résultats
% des personnes avec chaque résultat
Percentile par nombre de réponses
Votre historique - résultats
Vous n’avez pas pris ce quiz